000 01238nam a2200325Ia 4500
003 OSt
005 20221006160239.0
006 a|||||r|||| 00| 0
007 ta
008 221006b |||||||| |||| 00| 0 eng d
020 _a9789264182981
_c3960.00
024 _a44,731
037 _bGift, Window on Korea
_cTextual
040 _aEASL
_cEASL
_beng
041 _2eng
_aeng
082 _aX.495.P00, P0
100 _aDalhman Carl Ed.
_9672627
245 0 _aKorea and the knowledge-based economy
_b Making the transition
260 _aParis
_bOrganisation for Economics Co-Operation and Development
_c2000
300 _a156p.
_ccm.
490 _v KEL
650 _a Korea - Developing human resources for knowledge-based economy
_9672628
650 _a Korea - Ensuring dynamic information infrastructure
_9672629
650 _a Korea - Technological improvement
_9672630
650 _a Korea - Updating the economic incentive and institutional regime
_9672631
650 _aKorea - Development strategy - Knowldge revolution
_9672632
700 _a Andersson Thomas Ed.
_9672633
942 _hX.495.P00, P0
_cTEXL
_2CC
999 _c1112823
_d1112823